000 00768cam a2200241 4500
008 090401t1996 xxu||||| |||| 00| 0 eng d
020 _a0113222262
035 _a(Sirsi) u94832
041 _aeng
110 _aNHS Estates
_92893
245 _aGuide to the JCT standard form of building contract with contractor`s design 1981 edition (as amended)
260 _aLondon
_bHMSO
_c1996
300 _a55p. ; 30cm.
350 _a60
520 _aForms part of Concode set of documents and FILED in Concode Volume 1.
650 _aBUILT ENVIRONMENT-BUILDING CONTRACT FORMS
650 _aCONCODE
650 _aCONTRACTORS DESIGN
650 _aNATIONAL HEALTH SERVICE
690 _aBUILT ENVIRONMENT-BUILDING CONTRACT FORMS
942 _n0
948 _c04/03/1997
999 _c98203
_d98203